Къде отива боклукът? (Запис номер 28371)
[ съкратено ]
| 000 -Лидер | |
|---|---|
| Контролно поле с фиксирана дължина | 01710nam a2200361 c 4500 |
| 003 - Код на организацията, давaща контролен номер | |
| Контролно поле | BLK |
| 005 - Дата и час на последна редакция | |
| Контролно поле | 20230511030338.0 |
| 008 - Елементи от данни с фиксирана дължина | |
| fixed length control field | 180407b bul|||||r ||||||| ||bul|| |
| 010 ## - Наследен системен номер | |
| LC control number | KNG00030965000 |
| 040 ## - Източник на каталожния запис | |
| Идентификатор на билиотеката - собственик на записа | BLK |
| 041 ## - Код за език | |
| Код за езика на текст/звукозапис или на отделно заглавие | Български |
| Код за езика КДБФ | Български |
| 080 ## - УДК | |
| Текстов определител УДК | Проблеми на опазване на природата, свързани с отпадъчни води и отпадъци |
| УДК код - определител по УДК | 502:628.3/.5 |
| УДК определител | |
| УДК - код + определител | 502:628.3/.5 |
| 100 1# - Редна дума - Автор | |
| Автор | Тахта, Софи |
| Авторска отговорност | първи автор |
| R(LIN) | 127986 |
| 139 ## - Редно поле | |
| Редна дума | Тахта, Софи |
| Авторски знак | Тах - Т 39 |
| 245 10 - Сведения за заглавието | |
| Заглавие | Къде отива боклукът? |
| Подзаглавни данни | Кн. за деца |
| Редно поле (дума) | Софи Тахта; прев. от англ. Екатерина Иванова Латева; ил. Колин Кинг; ил. Гай Смит. |
| 257 ## - Страна на издаване | |
| Страна на създаване/издаване | Великобритания |
| 260 ## - Област на издателските данни | |
| -- | София |
| Име на издателя, разпространителя и проч. | Фют |
| Година на издаване | 2000 |
| Печатница | София : ПК Д. Благоев |
| 300 ## - Физическа характеристика | |
| Страници | 24 с. |
| Илюстрации и др. | с ил. |
| Размери/Мащаб | 18Х18 см |
| 380 ## - Жанр | |
| Жанр | Детска отраслова лит. |
| 490 1# - СЕРИИ (Колекции) | |
| Име на серия | Първи стъпки в науката |
| 500 ## - Общи забележки | |
| Забележка | Ориг. загл. Where Does Rubbish Go. - Авт. не е отбелязана на кор. - Прев. Екатерина Латева е известна като Екатерина Иванова. - Офс. изд. - 3 000 тир. |
| 650 #4 - Допълнително описание по предмет – тема | |
| Основно описание – тема или топоним | Околна среда - опазване |
| 9 (RLIN) | 244652 |
| 653 ## - Ключова дума – ненормативна | |
| Ключова дума | опазване на околната среда |
| 653 ## - Ключова дума – ненормативна | |
| Ключова дума | отпадъци |
| 700 1# - Други автори (авторска отговорност) | |
| Лично име | Латева, Екатерина Иванова |
| 9 (RLIN) | 363572 |
| 700 1# - Други автори (авторска отговорност) | |
| Лично име | Кинг, Колин |
| Автороска отговорност (Описва отношението между автора и произведението) | ил. |
| 9 (RLIN) | 269737 |
| 700 1# - Други автори (авторска отговорност) | |
| Лично име | Смит, Гай |
| Автороска отговорност (Описва отношението между автора и произведението) | ил. |
| 9 (RLIN) | 365932 |
| 852 ## - Местоположение | |
| Форматна сигнатура | Цб І 30011 |
| 856 4# - Електронен адрес и достъп | |
| Електронен формат | pdf - файл |
| Път до файла /url/ | |
| 856 4# - Електронен адрес и достъп | |
| Електронен формат | pdf - файл |
| Път до файла /url/ | |
| 942 ## - АРТИКУЛИ | |
| Вид на библиотечния материал | Книги |
| Скрит в OPAC | Не |
| 944 ## - СЪЗДАВАНЕ И РЕДАКЦИЯ на ЗАПИСА | |
| Създаване/Редакция | Създаване |
| Дата на регистрацията/редакция | 15.01.2003 |
| Служител, извършил регистрацията/редакцията | AB_DOS |
| 944 ## - СЪЗДАВАНЕ И РЕДАКЦИЯ на ЗАПИСА | |
| Създаване/Редакция | Редакция |
| Дата на регистрацията/редакция | 18.09.2015 |
| Служител, извършил регистрацията/редакцията | Елица_Владова |
| 999 ## - СИСТЕМНИ КОНТРОЛНИ НОМЕРА | |
| Koha biblionumber | 28371 |
| Koha biblioitemnumber | 28371 |
| Код за отписване | Код за изгубен артикул | Източник на класификационната схема | Код за повреда | Коз за рестрикции | Код за отдаване | Артикулен № | Име на библиотеката - собственик | Име на библиотеката, в която се намира в момента | Статус (Текущо местоположение) | Дата на вписване в системата | Местоположение - отдел | Цена в лева | Инвентарен номер | Систематично азбучна сигнатура | Баркод | Номер на екземпляра | Цена в евро | Служебен тип на артикула |
|---|---|---|---|---|---|---|---|---|---|---|---|---|---|---|---|---|---|---|
| Не е изгубен | Universal Decimal Classification | Не е повреден | без рестрикции | ползва се в читалня | 45592 | Регионална библиотека "Любен Каравелов" Русе | Регионална библиотека "Любен Каравелов" Русе | Хранилище | 2001-01-01 | Хранилище | 0.00 | 654039 | Цб І 30011 | 120000654039 | 1 | 0.00 | Книги | |
| Изтеглен | Не е изгубен | Universal Decimal Classification | Не е повреден | без рестрикции | заемане за дома | 45593 | Регионална библиотека "Любен Каравелов" Русе | Регионална библиотека "Любен Каравелов" Русе | Детски отдел | 2001-01-01 | Детски отдел | 1.99 | 656609 | ДН 50/Т 39 | 656609 | 2 | 1.02 | Книги |